00233nam a2200097Ia 4500008004100000041000800041100001800049245004000067260000900107999001900116230508s1994 xx 000 0 und d aeng aPARKER SMITH. aPROBLEMS IN ELECTRICAL ENGINEERING. c1994 c724086d724086